00241nam a2200073Ia 4500008004100000100002200041245006700063260003700130120527s9999 xx 000 0 und d aJabbur,M.A.et al. aAlley farming for improving small ruminat productivity in west bInternational livestock research